000 01128nam a22003617a 4500
001 217
003 FISKH
005 20250226121357.0
008 230306b cb ||||| |||| 00| 0 eng d
020 _a9780590424042
040 _aDLC
_cDLC
_dDLC
_dFISKH
_beng
050 0 0 _aHV1624.K4
_bD36
082 0 0 _a362.7/8/410924
_aB
_a92
100 1 _aDavidson, Margaret,
_d1936-
245 1 0 _aHelen Keller.
_cIllus. by Vicki Fox.
260 _aNew York
_bScholastic
_c1969
300 _a94 p.
_billus., ports.
_c20 cm.
505 _aH
520 _aA biography stressing the childhood of the woman who overcame the handicaps of being blind and deaf.
521 8 _a520
_bLexile
521 8 _aH
_bRaz-Plus
600 1 0 _aKeller, Helen,
_d1880-1968
_vJuvenile literature.
600 1 1 _aKeller, Helen,
_d1880-1968.
650 0 _aDeafblind women
_vBiography
_vJuvenile literature.
650 1 _aBlind.
650 1 _aBlindness
650 1 _aDeaf.
650 1 _aPeople with disabilities.
650 0 _aWomen
_vBiography.
700 1 _aFox, Vicki,
_eillus.
906 _a7
_bcbc
_corignew
_d2
_encip
_f19
_gy-gencatlg
942 _2lcc
_cBK
_n0
999 _c217
_d217